000 00961nam a2200265 i 4500
003 DO-SdBNP
005 20250221073756.0
007 ta
008 240410s2015 dr d 000 0 spa d
040 _aDO-SdBNP
_bspa
_cBNPHU
_erda
082 _222
110 1 _aRepública Dominicana.
_bOficina Nacional de Estadística
_95775
245 1 0 _a¿Qué es la planificación estratégica y cómo se utiliza en el sector público? /
_cpresentación Juan Temístocles Montás
264 1 _aSanto Domingo :
_bMinisterio de Economía, Planificación y Desarrollo,
_c2015.
300 _a29 páginas
_bgráficos
_c21 cm.
336 _2rdacontent
_atexto
_btxt
337 _2rdamedia
_asin mediación
_bn
338 _2rdacarrier
_avolumen
_bnc
490 1 _aPlanificación
_v5
500 _aIncluye notas al pie de las páginas
590 _aInventariado, 2024/ YL
700 1 _aMontás, Juan Temístocles
_epresentación
_985179
910 _aYLockward
942 _2ddc
_cLF2
999 _c56325
_d56325